• 首页
  • 本馆介绍
  • 公告通知
  • 最新文献
  • 馆藏检索
  • 电子资源
  • 读者导购
  • 参考咨询
  • 我的图书馆
  • 登录
  • 详细信息显示
  • 放入我的书架
  • 预约/预借图书
  • 作者相关作品
  • 分类相关作品
  • 丛书相关作品
  • 出版社相关作品

书目信息

  • 表格格式
  • 工作单格式
  • 卡片格式
题名:
玉汝于成
    
 
作者: 姜沛民 , 孙其信 主编
分册:  
出版信息: 北京   人民出版社  2020
页数: 297页
开本: 24cm
丛书名:
单 册:
中图分类: F323.8 , G642.45
科图分类:
主题词: 农村--扶贫--概况--中国
电子资源:
ISBN: 978-7-01-022640-8
000 01042nam0 2200265 450
001 2367526565
005 20231025184539.85
010    @a978-7-01-022640-8@dCNY36.00
100    @a20210129d2020 em y0chiy50 ea
101 0  @achi
102    @aCN@b110000
105    @aa z 000yy
200 1  @a玉汝于成@Ayu ru yu cheng@e脱贫攻坚伟大事业中的中国农大@f姜沛民,孙其信主编
210    @a北京@c人民出版社@d2020
215    @a297页@c图,照片@d24cm
330    @a本书共分八篇,内容包括:科技篇——成果支撑 助农增收;上山篇——情系山区 志在兴农;下海篇——增粮有道 再造良田;援边篇——情暖边陲 真诚永驻;助滇篇——定点云南 同心同向;驻村篇——精准帮扶 乡村实验等。
517 1  @a脱贫攻坚伟大事业中的中国农大@Atuo pin gong jian wei da shi ye zhong de zhong guo nong da
601 02 @a中国农业大学@x大学生@x社会实践@x概况
606 0  @a农村@x扶贫@x概况@y中国
690    @aF323.8@v5
690    @aG642.45@v5
701  0 @a姜沛民@Ajiang pei min@4主编
701  0 @a孙其信@Asun qi xin@4主编
801  0 @aCN@b91MARC@c20210219
905    @aZUCC@dF323.8@e8
    
    玉汝于成:脱贫攻坚伟大事业中的中国农大/姜沛民,孙其信主编.-北京:人民出版社,2020
    297页:图,照片;24cm
    
    
    ISBN 978-7-01-022640-8:CNY36.00
    本书共分八篇,内容包括:科技篇——成果支撑 助农增收;上山篇——情系山区 志在兴农;下海篇——增粮有道 再造良田;援边篇——情暖边陲 真诚永驻;助滇篇——定点云南 同心同向;驻村篇——精准帮扶 乡村实验等。
●
相关链接 在五车中查询图书 在当当中查询图书 在豆瓣中查询图书


正题名:玉汝于成     索取号:F323.8/8         预约/预借

序号 登录号 条形码 馆藏地/架位号 状态 备注
1 2001023281   2001023281   辽宁北方(第一批)/辽宁北方(第一批)/辽批141/ [索取号:F323.8/8] 在馆    
2 2001023282   2001023282   辽宁北方(第一批)/辽宁北方(第一批)/辽批141/ [索取号:F323.8/8] 在馆    
3 2001023283   2001023283   辽宁北方(第一批)/辽宁北方(第一批)/辽批141/ [索取号:F323.8/8] 在馆    
4 2001023284   2001023284   辽宁北方(第一批)/辽宁北方(第一批)/辽批141/ [索取号:F323.8/8] 在馆    
5 2001023285   2001023285   辽宁北方(第一批)/辽宁北方(第一批)/辽批141/ [索取号:F323.8/8] 在馆    
6 2001023286   2001023286   辽宁北方(第一批)/辽宁北方(第一批)/辽批141/ [索取号:F323.8/8] 在馆    
山东省滨州职业学院图书馆 欢迎您!
大连网信软件有限公司© 版权所有